सत्ता के गलियारे में सफ़ेद हाथी/ (Record no. 213616)

MARC details
000 -LEADER
fixed length control field 00910nam a22001937a 4500
005 - DATE AND TIME OF LATEST TRANSACTION
control field 20251008124202.0
010 ## - LCCN (DPL NO)
LC control number HIN-130484
020 ## - INTERNATIONAL STANDARD BOOK NUMBER
International Standard Book Number 9789390708987
035 ## - SYSTEM CONTROL NUMBER
System control number HN-102830
037 ## - SOURCE OF ACQUISITION
Source of stock number/acquisition DBAD
Stock number 1
082 ## - DEWEY DECIMAL CLASSIFICATION NUMBER
Classification number 820.08
Edition number प्रथम
Item number 1
100 ## - MAIN ENTRY--PERSONAL NAME
Personal name श्रीवास्तव रामपाल
245 ## - TITLE STATEMENT
Title सत्ता के गलियारे में सफ़ेद हाथी/
Statement of responsibility, etc रामपाल श्रीवास्तव
Medium हिंदी
250 ## - EDITION STATEMENT
Edition statement प्रथम
260 ## - PUBLICATION, DISTRIBUTION, ETC. (IMPRINT)
Place of publication, distribution, etc साहिबाबाद
Name of publisher, distributor, etc शुभदा बुक्स
Date of publication, distribution, etc 2023
270 ## - ADDRESS
Address बी,140/एस-2, शालीमार गार्डन एक्सटेंशन-2
City साहिबाबाद
Postal code 201005
Telephone number 8851578398
300 ## - PHYSICAL DESCRIPTION
Extent 194 पृ.
Dimensions 22 सेमी (अजिल्द )
942 ## - ADDED ENTRY ELEMENTS (KOHA)
Source of classification or shelving scheme Dewey Decimal Classification
Item type Hindi Books
Classification part 820.08
Call number suffix श्रीवास्त
Holdings
Withdrawn status Lost status Not for loan Home library Current library Date acquired Source of acquisition Cost, normal purchase price Full call number Barcode Copy number Cost, replacement price Koha item type
    Not For Loan D.B.Act.Division D.B.Act.Division 08/10/2025 Delivery of Books Act Division 320.00 820.08 श्रीवास्त HN-102830 1 320.00 Hindi Books

© Delhi Public Library
Hit Counter
free hit counter